Normal view
MARC view
Entry Personal Name
001 - CONTROL NUMBER
- control field: 16475
003 - CONTROL NUMBER IDENTIFIER
- control field: dpl
005 - DATE AND TIME OF LATEST TRANSACTION
- control field: 20100825110832.0
008 - FIXED-LENGTH DATA ELEMENTS
- fixed length control field: 100825|||a|||||| | ||| d
040 ## - CATALOGING SOURCE
- Original cataloging agency: dpl
- Transcribing agency: dpl
100 ## - HEADING--PERSONAL NAME
- Personal name: Patranabis,D.
670 ## - SOURCE DATA FOUND
- Source citation: Work cat.: (dpl)36853: Patranabis,D., Principles of industrial instrumentation /, 2010
670 ## - SOURCE DATA FOUND
- Source citation: Work cat.: (dpl)36853: Patranabis,D., Principles of industrial instrumentation /, 2010
